Pays vainqueurs du concours Eurovision de la chanson junior - Statistiques

Statistiques générales
  • Ce quiz a été pris 364 fois
    331 depuis la dernière actualisation
  • Le résultat moyen est 10 sur 12
Statistiques - réponses
Participations Victoires Year(s) of winning Pays % Correct
9 4 2020 / 2022 / 2023 / 2025 France
100%
11 1 2004 Espagne
93%
11 1 2014 Italie
91%
12 2 2018 / 2019 Pologne
88%
18 2 2010 / 2021 Arménie
83%
17 2 2006 / 2017 Russie
83%
19 4 2008 / 2011 / 2016 / 2024 Géorgie
82%
20 1 2012 Ukraine
81%
23 1 2009 Pays-Bas
75%
21 2 2013 / 2015 Malte
72%
18 2 2005 / 2007 Biélorussie
70%
6 1 2003 Croatie
64%
Aucun quiz correspondant
Distribution des résultats
% des personnes avec chaque résultat
Percentile par nombre de réponses
Votre historique - résultats
Vous n’avez pas pris ce quiz depuis la dernière actualisation